| 000 | 00473nam a2200193Ia 4500 | ||
|---|---|---|---|
| 005 | 20240823035832.0 | ||
| 008 | 240823s9999||||xx |||||||||||||| ||und|| | ||
| 020 | _a978-81-203-2047-5 | ||
| 041 | _aENGLISH | ||
| 082 | _A621.381045 Q2 | ||
| 100 | _aPallab Bhattacharya | ||
| 245 | 0 | _aSemiconductor Optoelectronic Devices | |
| 250 | _a2nd | ||
| 260 |
_c2012 _b#VALUE! |
||
| 500 | _aTRANSFERED | ||
| 650 |
_aOptoelectronics _bPhysics |
||
| 942 | _cBK | ||
| 999 |
_c201641 _d201641 |
||